Statistics for Nostalgic 90's TV shows

Click here to take the quiz!

General Stats

  • This quiz has been taken 92 times
  • The average score is 14 of 28

Answer Stats

HintAnswer% Correct
Lives in an underwater pineapple.SpongeBob SquarePants
93%
Three super-powered little girls constantly save the world, or at least the city of Townsville.The Powerpuff Girls
84%
The cartoon misadventures of four babies and their snotty older cousin as they face the things in life they don't understand.Rugrats
83%
An eccentric school-teacher takes her class on wondrous educational field trips.The Magic School Bus
62%
The gross misadventures of a hyper chihuahua and a stupid cat.The Ren and Stimpy Show
59%
The misadventures of a boy genius and his annoying sister.Dexter's Laboratory
58%
The misadventures of a dumb blond egomanaic who is deluded about his own manliness.Johnny Bravo
55%
Steve has to deduce the clues.Blue's Clues
55%
Ensemble cast of off-the-wall Warner Brothers characters.Animaniacs
55%
Animated MTV series about two teenage heavy-metal music fans.Beavis and Butt-Head
54%
The life of a young boy as he meets friends (skeeter), falls in love, maneuvers his way through grade 6 and writes all about it in his journal.Doug
53%
Based on the books by Marc Brown, these are the adventures of an 8-year-old aardvark.Arthur
51%
A 4th-grader in a nameless city that resembles Brooklyn, New York, who lives in a multi-racial boarding house with his grandparents and a motley assortment of neighbors and friends.Hey Arnold
50%
Scientist explores various aspects of science for young viewers.Bill Nye, the Science Guy
50%
A team of teenagers with attitude are recruited to save Angel Grove from the evil witch, Rita Repulsa, and later, Lord Zedd, Emperor of all he sees, and their horde of monsters.Mighty Morphin Power Rangers
49%
Levar Burton introduces young viewers to illustrated readings of children's literature and explores their related subjects.Reading Rainbow
49%
The adventures of a quartet of humanoid warrior reptiles and their friends.Teenage Mutant Ninja Turtles
47%
Adolescent boy grows up, and faces problems with friends, family, and school.Boy Meets World
47%
Comic tales of a group of good friends, 4 boys and 2 girls, during breaks in primary school.Recess
45%
A zany sketch comedy featuring many wacky characters hosted for kids and by kids and included Amanda Bynes..All That
42%
The series revolves around Daggett and Norbert, two young beaver brothers who have left their home to become bachelors in the forest near the fictional Wayouttatown, Oregon.The Angry Beavers
42%
The series depicts the life of conjoined brothers.Catdog
39%
Host explores various topics for young viewers through presentations and music both in his world and in the Neighborhood of Make-Believe.Mister Rogers' Neighborhood
37%
The TV cartoon follows a preteen girl named Ginger Foutley, along with two friends, as they try to fit in social life as well in school and try to avoid any embarrassments.As Told by Ginger
30%
Eliza has a secret gift, she is able to communicate with animals.Wild Thornberries
29%
The show mainly revolves around four friends and their daily lives of playing extreme sports.Rocket Power
29%
Follow the adventure of Satoshi.Pokemon
17%
The show holds two Guinness World Records – most people pied in three minutes (1000, in 2001), and most people slimed (762, on the finale).Slime Time Live
3%

Score Distribution

Percentile by Number Answered

Percent of People with Each Score

Your Score History

You have not taken this quiz